Frommer's Paris 2012 / (Record no. 141932)

MARC details
000 -LEADER
fixed length control field 00812nam a2200253 a 4500
001 - CONTROL NUMBER
control field vtls003224886
003 - CONTROL NUMBER IDENTIFIER
control field MY-SjTCS
005 - DATE AND TIME OF LATEST TRANSACTION
control field 20200226115023.0
008 - FIXED-LENGTH DATA ELEMENTS--GENERAL INFORMATION
fixed length control field 111027s2011 njuab 001 0 eng d
020 ## - INTERNATIONAL STANDARD BOOK NUMBER
International Standard Book Number 9781118076866 (pbk.)
020 ## - INTERNATIONAL STANDARD BOOK NUMBER
International Standard Book Number 1118076869 (pbk.)
039 #9 - LEVEL OF BIBLIOGRAPHIC CONTROL AND CODING DETAIL [OBSOLETE]
Level of rules in bibliographic description 201201161804
Level of effort used to assign nonsubject heading access points muhammad_fadzli
Level of effort used to assign subject headings 201201161802
Level of effort used to assign classification muhammad_fadzli
-- 201110271557
-- masrina
082 04 - DEWEY DECIMAL CLASSIFICATION NUMBER
Classification number 914.43604
Item number FRO 2011
245 00 - TITLE STATEMENT
Title Frommer's Paris 2012 /
Statement of responsibility, etc. by Joseph Alexiou ... [et al.].
246 30 - VARYING FORM OF TITLE
Title proper/short title Paris 2012
260 ## - PUBLICATION, DISTRIBUTION, ETC.
Place of publication, distribution, etc. Hoboken, N.J. :
Name of publisher, distributor, etc. John Wiley,
Date of publication, distribution, etc. c2011.
300 ## - PHYSICAL DESCRIPTION
Extent vi, 422 p. :
Other physical details col. ill., col. maps ;
Dimensions 21 cm.
490 1# - SERIES STATEMENT
Series statement Frommer's
500 ## - GENERAL NOTE
General note Includes indexes.
651 #0 - SUBJECT ADDED ENTRY--GEOGRAPHIC NAME
Geographic name Paris (France)
Form subdivision Guidebooks.
9 (RLIN) 31442
700 1# - ADDED ENTRY--PERSONAL NAME
Personal name Alexiou, Joseph.
9 (RLIN) 58955
830 #0 - SERIES ADDED ENTRY--UNIFORM TITLE
Uniform title Frommer's
920 ## - Programme
Programme SHT : 174410
Holdings
Withdrawn status Lost status Source of classification or shelving scheme Damaged status Not for loan Home library Current library Date acquired Cost, normal purchase price Total Checkouts Barcode Date last seen Date last checked out Copy number Uniform Resource Identifier Cost, replacement price Koha item type Public note
    Dewey Decimal Classification     Taylor's Library-TU Taylor's Library-TU 15/11/2011 49.59 13 5000125092 05/12/2019 24/08/2015 1 Floor 4, Shelf 36 , Side 2, TierNo 4, BayNo 1 49.59 Main Collection SHTEx,30010,03,AD